| 000 | 005590000a22001810004500 | ||
|---|---|---|---|
| 003 | MACL | ||
| 005 | 20160331152536.0 | ||
| 008 | 160331b xxu||||| |||| 00| 0 eng d | ||
| 040 |
_aMACL _cMACL |
||
| 041 | _aHindi | ||
| 082 | _a330 | ||
| 100 |
_aसुब्रमणियम उमा _949339 |
||
| 245 | _aभारत में भुगतान और निपटान प्रणाली | ||
| 260 |
_bआधार प्रकाशन _c2007 _aहरियाणा |
||
| 350 | _a225 | ||
| 650 |
_aEconomics _949340 |
||
| 942 |
_cHIN _k330 _2ddc |
||
| 999 |
_c22446 _d22446 |
||